[Event "Nittenau-ch 16th"]
[Site "Nittenau"]
[Date "2016.09.17"]
[Round "3"]
[White "Najjar, Johannes"]
[Black "Plank, Michael"]
[Result "0-1"]
[WhiteElo "1952"]
[BlackElo "1943"]
[PlyCount "64"]
[EventDate "2016.09.16"]
[EventType "swiss"]
[EventRounds "5"]
[EventCountry "GER"]
[SourceTitle "EXT 2022"]
[Source "ChessBase"]
[SourceDate "2021.10.06"]
[SourceVersion "1"]
[SourceVersionDate "2021.10.06"]
[SourceQuality "1"]

1. d4 Nf6 2. c4 e6 3. Nf3 Bb4+ 4. Bd2 Qe7 5. g3 Nc6 6. Bg2 Bxd2+ 7. Nbxd2 0-0 8. 0-0 d6 9. e4 e5 10. d5 Nb8 11. b4 a5 12. a3 Na6 13. Ne1 Bg4 14. f3 Bd7 15. Nd3 c6 16. dxc6 bxc6 17. bxa5 Nc7 18. Nb3 c5 19. Qd2 Ba4 20. Nbc1 Ne6 21. Ne2 Qc7 22. f4 Nd4 23. Nxd4 cxd4 24. fxe5 dxe5 25. Qg5 Nd7 26. Bh3 Rxa5 27. Bxd7 Bxd7 28. Qe7 f6 29. Rfc1 Re8 30. Qb4 Rb8 31. Qe7 Re8 32. Qb4 Bc6 0-1

[Event "Oberpfalz-ch M1"]
[Site "Sinzing"]
[Date "2014.04.13"]
[Round "3"]
[White "Plank, Michael"]
[Black "Schmid, Roland1111"]
[Result "1-0"]
[WhiteElo "1914"]
[BlackElo "2257"]
[PlyCount "79"]
[EventDate "2014.04.12"]
[EventType "swiss"]
[EventRounds "8"]
[EventCountry "GER"]
[SourceTitle "EXT 2022"]
[Source "ChessBase"]
[SourceDate "2021.10.06"]
[SourceVersion "1"]
[SourceVersionDate "2021.10.06"]
[SourceQuality "1"]

1. e4 c5 2. c3 Nf6 3. e5 Nd5 4. Nf3 e6 5. d4 cxd4 6. cxd4 d6 7. Bc4 Nc6 8. 0-0 Be7 9. Qe2 0-0 10. Nbd2 Ndb4 11. Bb3 dxe5 12. dxe5 b6 13. Rd1 Qd3 14. Bc4 Qxe2 15. Bxe2 Rd8 16. Nc4 Ba6 17. Bd2 Nd3 18. Ne3 Nc5 19. Bxa6 Nxa6 20. Bc3 b5 21. a3 Nc5 22. Nd4 Nxd4 23. Rxd4 Rxd4 24. Bxd4 Nb3 25. Rd1 a5 26. Rd3 a4 27. Bc3 Rc8 28. Nc2 Nc1 29. Rd7 Ne2+ 30. Kf1 Nxc3 31. Rxe7 Nd5 32. Rb7 f6 33. Ne1 fxe5 34. Rxb5 e4 35. Ke2 Rc1 36. Kd2 Rb1 37. Rb7 h6 38. g3 Kh7 39. h4 e3+ 40. fxe3 1-0

[Event "Nittenau-ch 12th"]
[Site "Nittenau"]
[Date "2012.09.15"]
[Round "3"]
[White "Plank, Michael"]
[Black "Riedl, Maximilian"]
[Result "1/2-1/2"]
[WhiteElo "1938"]
[BlackElo "1854"]
[PlyCount "90"]
[EventDate "2012.09.14"]
[EventType "swiss"]
[EventRounds "5"]
[EventCountry "GER"]
[SourceTitle "EXT 2022"]
[Source "ChessBase"]
[SourceDate "2021.10.06"]
[SourceVersion "1"]
[SourceVersionDate "2021.10.06"]
[SourceQuality "1"]

1. e4 e5 2. Nf3 Nf6 3. Nxe5 d6 4. Nf3 Nxe4 5. Nc3 Nxc3 6. dxc3 Be7 7. Bf4 Bf6 8. Qd2 Nc6 9. Be2 Bf5 10. 0-0 0-0 11. Rfe1 Qd7 12. Rad1 Rad8 13. Bc4 Be6 14. Qd3 Bxc4 15. Qxc4 Rfe8 16. h3 a6 17. Qb3 b6 18. Qd5 Rxe1+ 19. Rxe1 Ne7 20. Qd3 Ng6 21. Bg3 Qa4 22. a3 h6 23. Re4 Qc6 24. Rc4 Qb7 25. Re4 d5 26. Re1 b5 27. Qf5 c5 28. Rd1 a5 29. Ne5 Nxe5 30. Bxe5 Bxe5 31. Qxe5 Qd7 32. Qe3 Qd6 33. Qd3 Qb6 34. Qf5 Qb7 35. Qe5 Qc6 36. Qf5 Qd7 37. Qf3 Qc6 38. Qf5 Rd6 39. Qf3 Rd8 40. Qf5 Qd7 41. Qf3 f6 42. Qe3 Qd6 43. Qd3 Qc6 44. Qf5 Qd7 45. Qf3 Qb7 1/2-1/2

[Event "Oberpfalz-ch M1"]
[Site "Burglengenfeld"]
[Date "2012.04.02"]
[Round "6"]
[White "Plank, Michael"]
[Black "Langensteiner, Matthias"]
[Result "0-1"]
[WhiteElo "1881"]
[BlackElo "2071"]
[PlyCount "60"]
[EventDate "2012.03.31"]
[EventType "swiss"]
[EventRounds "8"]
[EventCountry "GER"]
[SourceTitle "EXT 2022"]
[Source "ChessBase"]
[SourceDate "2021.10.06"]
[SourceVersion "1"]
[SourceVersionDate "2021.10.06"]
[SourceQuality "1"]

1. e4 e6 2. d4 d5 3. Nd2 c5 4. exd5 Qxd5 5. Ngf3 cxd4 6. Bc4 Qd6 7. 0-0 Nf6 8. Nb3 Nc6 9. Nbxd4 Nxd4 10. Nxd4 a6 11. a4 Qc7 12. Bd3 Bd6 13. h3 0-0 14. Qe2 h6 15. Re1 b6 16. Bd2 Bb7 17. Nf3 Rfd8 18. Bc3 Qe7 19. Bd4 Bc5 20. Bxc5 Qxc5 21. c3 Qc6 22. Bc2 Rd5 23. Rad1 Rg5 24. Kh1 e5 25. Rg1 Rh5 26. Qd2 Qc8 27. Qe2 Rxh3+ 28. Nh2 Ng4 29. Rd8+ Qxd8 30. Qxg4 Qh4 0-1

[Event "Oberpfalz-ch M1"]
[Site "Burglengenfeld"]
[Date "2012.04.02"]
[Round "5"]
[White "Schmid, Roland1111"]
[Black "Plank, Michael"]
[Result "1-0"]
[WhiteElo "2246"]
[BlackElo "1881"]
[PlyCount "79"]
[EventDate "2012.03.31"]
[EventType "swiss"]
[EventRounds "8"]
[EventCountry "GER"]
[SourceTitle "EXT 2022"]
[Source "ChessBase"]
[SourceDate "2021.10.06"]
[SourceVersion "1"]
[SourceVersionDate "2021.10.06"]
[SourceQuality "1"]

1. d4 c5 2. d5 e5 3. e4 d6 4. Nc3 Nd7 5. Nf3 Be7 6. Be2 Ngf6 7. 0-0 0-0 8. a4 Ne8 9. Nd2 Bg5 10. Kh1 g6 11. Nc4 Bxc1 12. Qxc1 Nb6 13. Ne3 Qe7 14. a5 Nd7 15. Nc4 Kg7 16. Qe3 f6 17. g3 Nc7 18. f4 Rf7 19. Bg4 Nf8 20. Bxc8 Rxc8 21. fxe5 fxe5 22. Rxf7+ Kxf7 23. Rf1+ Kg7 24. Qf3 Nd7 25. Qf7+ Qxf7 26. Rxf7+ Kxf7 27. Nxd6+ Kf6 28. Nxc8 a6 29. Nd6 b5 30. axb6 Nxb6 31. Nb7 c4 32. Kg2 Kf7 33. Kf3 Kf6 34. d6 Nca8 35. Nc5 a5 36. Nd5+ Nxd5 37. exd5 Nb6 38. d7 Ke7 39. Ke4 a4 40. c3 1-0

[Event "Oberpfalz-ch M1"]
[Site "Burglengenfeld"]
[Date "2012.03.31"]
[Round "1"]
[White "Daeubler, Heinrich"]
[Black "Plank, Michael"]
[Result "1/2-1/2"]
[WhiteElo "2152"]
[BlackElo "1881"]
[PlyCount "101"]
[EventDate "2012.03.31"]
[EventType "swiss"]
[EventRounds "8"]
[EventCountry "GER"]
[SourceTitle "EXT 2022"]
[Source "ChessBase"]
[SourceDate "2021.10.06"]
[SourceVersion "1"]
[SourceVersionDate "2021.10.06"]
[SourceQuality "1"]

1. d4 c5 2. d5 e5 3. e4 d6 4. Nc3 Nd7 5. Nf3 Be7 6. a4 Ngf6 7. Bb5 0-0 8. h3 a6 9. Bd3 Ne8 10. Nd2 Bg5 11. Nc4 Bxc1 12. Qxc1 b6 13. Ne3 Ndf6 14. Qd1 g6 15. Qe2 Nh5 16. g3 Neg7 17. Nc4 Ra7 18. 0-0-0 f5 19. Nd2 f4 20. g4 Nf6 21. f3 Nge8 22. Qf2 Nc7 23. Rdg1 Rb7 24. Nc4 Qe7 25. h4 Rb8 26. Qf1 Bd7 27. Na3 Bc8 28. Kd2 Kh8 29. Qe2 Kg8 30. Rb1 a5 31. Rbg1 Bd7 32. Bc4 Qd8 33. Bb5 Bxb5 34. Naxb5 Nxb5 35. Nxb5 Qe7 36. Na3 Rfc8 37. Qb5 Qc7 38. Nc4 Kf7 39. c3 Ke7 40. Kd3 Qd8 41. Na3 Qc7 42. Qc4 Qd7 43. Nb5 Kf7 44. Rh2 Ke7 45. Kc2 Kf7 46. b3 Ke7 47. Kb2 Kf7 48. Na3 Ke7 49. Rc1 Qb7 50. Rhc2 Qd7 51. Nb5 1/2-1/2

[Event "Oberpfalz-ch M1"]
[Site "Regensburg"]
[Date "2011.04.18"]
[Round "5"]
[White "Riedl, Maximilian"]
[Black "Plank, Michael"]
[Result "1/2-1/2"]
[WhiteElo "2038"]
[BlackElo "1892"]
[PlyCount "141"]
[EventDate "2011.04.16"]
[EventType "swiss"]
[EventRounds "8"]
[EventCountry "GER"]
[SourceTitle "EXT 2022"]
[Source "ChessBase"]
[SourceDate "2021.10.06"]
[SourceVersion "1"]
[SourceVersionDate "2021.10.06"]
[SourceQuality "1"]

1. Nf3 Nf6 2. d4 g6 3. Nbd2 Bg7 4. e4 d6 5. Bd3 0-0 6. 0-0 Re8 7. Re1 e5 8. c3 c6 9. Qb3 h6 10. dxe5 dxe5 11. Bc4 Qc7 12. a4 Be6 13. Bxe6 Rxe6 14. Nh4 Kh7 15. Qc2 Nbd7 16. h3 Rd8 17. g4 Nc5 18. Re3 Re7 19. b4 Ne6 20. Nf1 Red7 21. Ba3 Bf8 22. Rae1 a5 23. Rf3 Kg7 24. Rg3 axb4 25. cxb4 Nf4 26. Kh2 Qb6 27. a5 Qc7 28. Rb3 Rd3 29. Re3 Rxb3 30. Rxb3 Qd7 31. Bb2 Qe6 32. Ng3 Kh7 33. Nf3 Bd6 34. b5 cxb5 35. Rxb5 Nxg4+ 36. hxg4 Qxg4 37. Ne1 Rd7 38. Qc3 Qh4+ 39. Kg1 Nh3+ 40. Kf1 Qf6 41. Nh1 Nf4 42. Ng2 Ne6 43. Rd5 Nc5 44. Qe3 Rc7 45. Ng3 Na4 46. Ba3 Rc3 47. Rxd6 Qe7 48. Rd3 Qxa3 49. Rxc3 Nxc3 50. Qb6 Nxe4 51. Nxe4 Qd3+ 52. Kg1 Qxe4 53. Ne3 Kg7 54. Qd6 h5 55. Qd5 Qb1+ 56. Kg2 e4 57. Qe5+ Kg8 58. Qb8+ Kg7 59. a6 h4 60. axb7 h3+ 61. Kh2 Qb2 62. Ng4 e3 63. Qe5+ Qxe5+ 64. Nxe5 exf2 65. b8Q f1Q 66. Qb2 Qg2+ 67. Qxg2 hxg2 68. Kxg2 f5 69. Kf3 Kf6 70. Nd3 g5 71. Nf2 1/2-1/2

[Event "Oberpfalz-ch M1"]
[Site "Regensburg"]
[Date "2011.04.17"]
[Round "3"]
[White "Ott, Florian"]
[Black "Plank, Michael"]
[Result "1-0"]
[WhiteElo "1841"]
[BlackElo "1892"]
[PlyCount "35"]
[EventDate "2011.04.16"]
[EventType "swiss"]
[EventRounds "8"]
[EventCountry "GER"]
[SourceTitle "EXT 2022"]
[Source "ChessBase"]
[SourceDate "2021.10.06"]
[SourceVersion "1"]
[SourceVersionDate "2021.10.06"]
[SourceQuality "1"]

1. d4 c5 2. e3 Nf6 3. Nf3 e6 4. Bd3 b6 5. 0-0 Bb7 6. Nbd2 Be7 7. b3 0-0 8. Bb2 Nc6 9. c4 Rc8 10. Rc1 d5 11. cxd5 Nxd5 12. dxc5 Bxc5 13. Qe2 Ncb4 14. Bb1 Nf6 15. Rfd1 Qe7 16. Ng5 Bd6 17. Bxf6 gxf6 18. Qh5 1-0

[Event "Oberpfalz-ch M1"]
[Site "Roding"]
[Date "2010.03.29"]
[Round "6"]
[White "Plank, Michael"]
[Black "Schmid, Roland1111"]
[Result "0-1"]
[WhiteElo "1857"]
[BlackElo "2147"]
[PlyCount "50"]
[EventDate "2010.03.27"]
[EventType "swiss"]
[EventRounds "8"]
[EventCountry "GER"]
[SourceTitle "EXT 2012"]
[Source "ChessBase"]
[SourceDate "2011.11.24"]
[SourceVersion "1"]
[SourceVersionDate "2011.11.24"]
[SourceQuality "1"]

1. e4 c5 2. Nf3 Nc6 3. d4 cxd4 4. Nxd4 Nf6 5. Nc3 e6 6. f4 d6 7. Nb3 Be7 8. Be3 a6 9. Bd3 0-0 10. Qf3 e5 11. f5 Nb4 12. 0-0-0 b5 13. g4 Nxd3+ 14. Rxd3 b4 15. Nd5 Nxd5 16. exd5 a5 17. Rdd1 a4 18. Nd2 Qc7 19. g5 a3 20. b3 Ba6 21. Ne4 Rfc8 22. Qf2 f6 23. gxf6 Bxf6 24. Rhg1 Kh8 25. Nxf6 Qc3 0-1

[Event "Nittenau-ch 09th"]
[Site "Nittenau"]
[Date "2009.09.19"]
[Round "3"]
[White "Fischer, Wolfgang1111"]
[Black "Plank, Michael"]
[Result "0-1"]
[WhiteElo "1636"]
[BlackElo "1879"]
[PlyCount "60"]
[EventDate "2009.09.18"]
[EventType "swiss"]
[EventRounds "5"]
[EventCountry "GER"]
[SourceTitle "EXT 2022"]
[Source "ChessBase"]
[SourceDate "2021.10.06"]
[SourceVersion "1"]
[SourceVersionDate "2021.10.06"]
[SourceQuality "1"]

1. e4 c5 2. Nf3 e6 3. d4 cxd4 4. Nxd4 a6 5. Bd3 Bc5 6. Nb3 Be7 7. 0-0 Qc7 8. Nc3 Nf6 9. Be3 b5 10. f4 Bb7 11. Nd2 Bb4 12. Bd4 Bc5 13. Bxc5 Qxc5+ 14. Kh1 d6 15. Qe2 Nbd7 16. Nb3 Qc7 17. Rac1 Rc8 18. Nd1 Nc5 19. Nxc5 Qxc5 20. Nc3 Qb4 21. e5 Nd5 22. Nxd5 Bxd5 23. c3 Qc5 24. exd6 Qxd6 25. b3 0-0 26. Be4 Bxe4 27. Qxe4 Rfd8 28. Qc2 Qd2 29. Kg1 Qe3+ 30. Kh1 Rd2 0-1

[Event "Nittenau-ch 09th"]
[Site "Nittenau"]
[Date "2009.09.19"]
[Round "2"]
[White "Plank, Michael"]
[Black "Giessmann, Stephan"]
[Result "0-1"]
[WhiteElo "1879"]
[BlackElo "2161"]
[PlyCount "46"]
[EventDate "2009.09.18"]
[EventType "swiss"]
[EventRounds "5"]
[EventCountry "GER"]
[SourceTitle "EXT 2022"]
[Source "ChessBase"]
[SourceDate "2021.10.06"]
[SourceVersion "1"]
[SourceVersionDate "2021.10.06"]
[SourceQuality "1"]

1. e4 e6 2. d4 d5 3. Nd2 c5 4. exd5 exd5 5. Ngf3 Nc6 6. c3 cxd4 7. cxd4 Bd6 8. a3 Nf6 9. Bd3 0-0 10. 0-0 Bg4 11. h3 Bh5 12. Qa4 Re8 13. b4 Ne4 14. Bb2 Qf6 15. Bxe4 dxe4 16. Ne5 Bxe5 17. dxe5 Qf4 18. Qc2 Nxe5 19. Nxe4 Rac8 20. Nc3 Nf3+ 21. gxf3 Re5 22. Rfe1 Rg5+ 23. Kf1 Qxf3 0-1

[Event "Nittenau-ch 8th"]
[Site "Nittenau"]
[Date "2008.11.15"]
[Round "3"]
[White "Plank, Michael"]
[Black "Kues, Manuel"]
[Result "1-0"]
[WhiteElo "1778"]
[BlackElo "1848"]
[PlyCount "105"]
[EventDate "2008.11.14"]
[EventType "swiss"]
[EventRounds "5"]
[EventCountry "GER"]
[SourceTitle "EXT 2010"]
[Source "ChessBase"]
[SourceDate "2010.11.25"]
[SourceVersion "1"]
[SourceVersionDate "2010.11.25"]
[SourceQuality "1"]

1. e4 e6 2. d4 d5 3. Nd2 dxe4 4. Nxe4 Nd7 5. Nf3 Ngf6 6. Bg5 Be7 7. Bxf6 Nxf6 8. Nxf6+ Bxf6 9. c3 0-0 10. Bd3 b6 11. 0-0 Bb7 12. Re1 Qe7 13. Ne5 Rad8 14. Qc2 h6 15. f4 c5 16. dxc5 Qxc5+ 17. Kh1 Bh4 18. Red1 Qe3 19. Bh7+ Kh8 20. Rxd8 Bxd8 21. Rf1 Bc7 22. Ng4 Qc5 23. Bd3 f5 24. b4 Qd6 25. Ne5 Kh7 26. Re1 Rg8 27. Qe2 g5 28. Qh5 Rg7 29. Ng4 Bxg2+ 30. Kxg2 gxf4 31. Kf2 Rxg4 32. Qxg4 Qxd3 33. Qd1 Qxd1 34. Rxd1 Kg6 35. Rd7 Be5 36. c4 a5 37. bxa5 bxa5 38. c5 Bb8 39. c6 e5 40. c7 Bxc7 41. Rxc7 e4 42. Ra7 Kg5 43. Rxa5 Kg4 44. h3+ Kxh3 45. Rxf5 Kg4 46. Rf8 e3+ 47. Kg2 e2 48. Kf2 f3 49. a4 h5 50. a5 h4 51. a6 h3 52. a7 h2 53. Rh8 1-0

[Event "Oberpfalz-ch M2"]
[Site "Kareth Lappersdorf"]
[Date "2008.03.17"]
[Round "6"]
[White "Najjar, Johannes"]
[Black "Plank, Michael"]
[Result "1/2-1/2"]
[WhiteElo "1782"]
[BlackElo "1527"]
[PlyCount "39"]
[EventDate "2008.03.15"]
[EventType "swiss"]
[EventRounds "8"]
[EventCountry "GER"]
[SourceTitle "EXT 2022"]
[Source "ChessBase"]
[SourceDate "2021.10.06"]
[SourceVersion "1"]
[SourceVersionDate "2021.10.06"]
[SourceQuality "1"]

1. c4 c6 2. Nc3 d5 3. d4 Nf6 4. Nf3 dxc4 5. a4 Bf5 6. Ne5 e6 7. e3 Nbd7 8. Nxc4 Nb6 9. Qb3 Nxc4 10. Bxc4 Qb6 11. 0-0 Qxb3 12. Bxb3 Bb4 13. Bd2 0-0 14. Ne4 Bxd2 15. Nxd2 Rfd8 16. Rfc1 Rac8 17. Nf3 Be4 18. Ne5 Nd7 19. Nc4 Nf6 20. Ne5 1/2-1/2

[Event "Oberpfalz-ch M2"]
[Site "Kareth Lappersdorf"]
[Date "2008.03.15"]
[Round "2"]
[White "Plank, Michael"]
[Black "Enders, Christian"]
[Result "1-0"]
[WhiteElo "1527"]
[BlackElo "1755"]
[PlyCount "111"]
[EventDate "2008.03.15"]
[EventType "swiss"]
[EventRounds "8"]
[EventCountry "GER"]
[SourceTitle "EXT 2022"]
[Source "ChessBase"]
[SourceDate "2021.10.06"]
[SourceVersion "1"]
[SourceVersionDate "2021.10.06"]
[SourceQuality "1"]

1. d4 d5 2. e4 dxe4 3. Nc3 Nf6 4. f3 exf3 5. Qxf3 c6 6. Bd3 Bg4 7. Qf2 e6 8. Bg5 Nbd7 9. h3 Bh5 10. Nge2 Bd6 11. 0-0-0 Qc7 12. g4 Bg6 13. Rhf1 Rf8 14. Nf4 Bxd3 15. Nxd3 h6 16. Bxf6 Nxf6 17. Qe3 Nd5 18. Nxd5 cxd5 19. Nf4 0-0-0 20. Rd3 Kb8 21. Rc3 Qd7 22. Nd3 Rc8 23. Ne5 Bxe5 24. Qxe5+ Ka8 25. Rxc8+ Rxc8 26. Qxg7 Qc7 27. c3 Qc4 28. Qxf7 Qxa2 29. Qxe6 Rb8 30. Qe2 Qa1+ 31. Kc2 Qa4+ 32. Kb1 Re8 33. Qd2 Qc4 34. Re1 Rxe1+ 35. Qxe1 Qd3+ 36. Kc1 a6 37. Qh1 Qe3+ 38. Kb1 Qd3+ 39. Ka1 Ka7 40. h4 Qd2 41. Qg1 Qf4 42. g5 Qxh4 43. g6 Qd8 44. g7 Qg8 45. Qg6 h5 46. Qf6 Qe8 47. Qf8 Qa4+ 48. Kb1 Qd1+ 49. Ka2 Qa4+ 50. Qa3 Qe8 51. Qc5+ b6 52. Qc7+ Ka8 53. Ka3 h4 54. Qd6 Ka7 55. Qf8 Qe1 56. Qf7+ 1-0

[Event "Nittenau-ch 7th"]
[Site "Nittenau"]
[Date "2007.??.??"]
[Round "2"]
[White "Plank, Michael"]
[Black "Krementschutzkij, Eduard"]
[Result "0-1"]
[WhiteElo "1611"]
[BlackElo "1841"]
[PlyCount "68"]
[EventDate "2007.??.??"]
[EventType "swiss"]
[EventRounds "5"]
[EventCountry "GER"]
[SourceTitle "EXT 2010"]
[Source "ChessBase"]
[SourceDate "2010.11.25"]
[SourceVersion "1"]
[SourceVersionDate "2010.11.25"]
[SourceQuality "1"]

1. d4 Nf6 2. c4 e5 3. dxe5 Ng4 4. e4 Nxe5 5. Bf4 Bb4+ 6. Nd2 Nbc6 7. a3 Bxd2+ 8. Qxd2 0-0 9. Bd3 Qf6 10. Bxe5 Nxe5 11. Rb1 Qg6 12. g3 Re8 13. f3 f5 14. Be2 d6 15. Nh3 Qh5 16. Ng1 fxe4 17. fxe4 Bg4 18. Qd5+ Kh8 19. b3 Bxe2 20. Nxe2 c6 21. Qd1 Nf3+ 22. Kf2 Ng5 23. Nf4 Nxe4+ 24. Kg2 Qc5 25. Qc2 d5 26. Rbc1 dxc4 27. Qxc4 Qf2+ 28. Kh3 Ng5+ 29. Kg4 Ne4 30. Rhf1 Qxh2 31. Ng6+ hxg6 32. Rh1 Nf2+ 33. Kf3 Nxh1 34. Rc2 Qxg3# 0-1

[Event "Nittenau-ch 06th"]
[Site "Nittenau"]
[Date "2006.09.17"]
[Round "4"]
[White "Plank, Michael"]
[Black "Karl, Markus"]
[Result "1-0"]
[WhiteElo "1439"]
[BlackElo "1202"]
[PlyCount "51"]
[EventDate "2006.09.15"]
[EventType "swiss"]
[EventRounds "5"]
[EventCountry "GER"]
[SourceTitle "EXT 2022"]
[Source "ChessBase"]
[SourceDate "2021.10.06"]
[SourceVersion "1"]
[SourceVersionDate "2021.10.06"]
[SourceQuality "1"]

1. d4 d5 2. c4 c6 3. Nf3 Nf6 4. Nc3 Bf5 5. Qb3 b6 6. Bf4 e6 7. e3 Nbd7 8. Be2 Be7 9. Rc1 0-0 10. 0-0 Nh5 11. Bg3 Nxg3 12. hxg3 Rc8 13. Qa4 Qc7 14. cxd5 exd5 15. Nxd5 Qd6 16. Nxe7+ Qxe7 17. Rxc6 Be4 18. Rxc8 Rxc8 19. Qxa7 Rc2 20. Bb5 Bc6 21. Bxc6 Rxc6 22. Ne5 Rd6 23. Rc1 Qe8 24. Nxd7 Qxd7 25. Qb8+ Qd8 26. Rc8 1-0

[Event "Nittenau-ch 5th"]
[Site "Nittenau"]
[Date "2005.09.03"]
[Round "4"]
[White "Plank, Michael"]
[Black "Hessler, Markus"]
[Result "0-1"]
[WhiteElo "1076"]
[BlackElo "1700"]
[PlyCount "102"]
[EventDate "2005.09.01"]
[EventType "swiss"]
[EventRounds "7"]
[EventCountry "GER"]
[SourceTitle "EXT 2008"]
[Source "ChessBase"]
[SourceDate "2007.11.25"]
[SourceVersion "1"]
[SourceVersionDate "2007.11.25"]
[SourceQuality "1"]

1. d4 e6 2. Nf3 f5 3. Bg5 Be7 4. Bxe7 Qxe7 5. c3 Nf6 6. e3 0-0 7. Bd3 d6 8. 0-0 Kh8 9. Nbd2 e5 10. dxe5 dxe5 11. Bc2 b6 12. Re1 e4 13. Nd4 c5 14. Ne2 Nc6 15. Ng3 Rd8 16. Qe2 a5 17. Red1 Ba6 18. Nc4 Qe6 19. b3 Ne5 20. Qe1 Nxc4 21. bxc4 Bxc4 22. a3 Ng4 23. Rd2 Ne5 24. Qd1 Nd3 25. Qh5 g6 26. Qh4 Kg7 27. Ne2 Rd6 28. Rad1 Rad8 29. Qg3 R6d7 30. Bxd3 Bxd3 31. Nf4 Qb3 32. h4 Rd6 33. Nh5+ Kf8 34. Nf4 Qxc3 35. Qg5 Qf6 36. Qh6+ Qg7 37. Qg5 c4 38. Ne6+ Rxe6 39. Qxd8+ Re8 40. Qxb6 c3 41. Ra2 Qe5 42. Rc1 Rb8 43. Qd4 Qxd4 44. exd4 Rb2 45. Raa1 c2 46. Kh2 f4 47. Re1 Ke7 48. f3 e3 49. g3 c1Q+ 50. Kh3 Qd2 51. Rg1 Bf5+ 0-1

[Event "Nittenau-ch 5th"]
[Site "Nittenau"]
[Date "2005.09.01"]
[Round "1"]
[White "Schwarzfischer, Juergen"]
[Black "Plank, Michael"]
[Result "1-0"]
[WhiteElo "1669"]
[BlackElo "1076"]
[PlyCount "51"]
[EventDate "2005.09.01"]
[EventType "swiss"]
[EventRounds "7"]
[EventCountry "GER"]
[SourceTitle "EXT 2008"]
[Source "ChessBase"]
[SourceDate "2007.11.25"]
[SourceVersion "1"]
[SourceVersionDate "2007.11.25"]
[SourceQuality "1"]

1. e4 c6 2. d4 d5 3. Nd2 dxe4 4. Nxe4 Nd7 5. Bc4 Ngf6 6. Ng5 e6 7. c3 h6 8. N5f3 c5 9. Ne2 Nb6 10. Bb3 c4 11. Bc2 Bd6 12. Bf4 0-0 13. Qd2 Bxf4 14. Nxf4 Re8 15. 0-0 e5 16. dxe5 Qxd2 17. Nxd2 Rxe5 18. Rfe1 Rb5 19. Ne4 Nxe4 20. Bxe4 Rxb2 21. Nd5 Nxd5 22. Bxd5 Rc2 23. Re8+ Kh7 24. Be4+ f5 25. Bxc2 b5 26. Rxc8 1-0